000 00523nam a22001697a 4500
008 160209b xxu||||| |||| 00| 0 eng d
020 _a978-971-9946-14-4
082 _22012
_aDFil 959.9
_bAg7h
100 _92709
_aAgoncillo, Teodoro A.
245 _aHistory of the Filipino people/
_cTeodoro A. Agoncillo
250 _aEight edition
260 _aQuezon City:
_bC & E Publishing,
_cc2012.
300 _axv, 682 pages;
_c22 cm.
500 _aIncludes index.
650 0 _92710
_aPhilippines
_xHistory.
942 _2ddc
_cDFIL
999 _c1020
_d1020